000 00800nam a2200229Ia 4500
003 OSt
005 20220923212040.0
006 a|||||r|||| 00| 0
007 ta
008 220922b |||||||| |||| 00| 0 hin d
024 _a150,277
037 _cTextual
040 _aARTS
_cARTS
_bhin
041 _2hin
_ahin
082 _a902jC94, 152H3 (=)
100 _aव्यास, सूर्यनारायण, संपा.
245 0 _aविक्र्र्र्र्र्र्र्र्र्र्र्र्रम स्मृति ग्रंथ
246 _aVikrrrrrrrrrrrrram smṛuti grantha
260 _c1981
942 _h902jC94, 152H3 (=)
_cTEXL
_2CC
999 _c305957
_d305957